<?xml version="1.0" encoding="UTF-8"?>
<record
    xmlns:xsi="http://www.w3.org/2001/XMLSchema-instance"
    xsi:schemaLocation="http://www.loc.gov/MARC21/slim http://www.loc.gov/standards/marcxml/schema/MARC21slim.xsd"
    xmlns="http://www.loc.gov/MARC21/slim">

  <leader>01448nam a22002177a 4500</leader>
  <datafield tag="952" ind1=" " ind2=" ">
    <subfield code="0">0</subfield>
    <subfield code="1">0</subfield>
    <subfield code="2">ddc</subfield>
    <subfield code="4">0</subfield>
    <subfield code="7">0</subfield>
    <subfield code="8">NFIC</subfield>
    <subfield code="a">ASL</subfield>
    <subfield code="b">ASL</subfield>
    <subfield code="c">ASBP</subfield>
    <subfield code="d">2020-01-13</subfield>
    <subfield code="e">ASB Publications</subfield>
    <subfield code="h">ASP-127</subfield>
    <subfield code="l">0</subfield>
    <subfield code="o">327.5092 BAN</subfield>
    <subfield code="p">100709</subfield>
    <subfield code="r">2020-01-13 00:00:00</subfield>
    <subfield code="t">C-1</subfield>
    <subfield code="v">300.00</subfield>
    <subfield code="w">2020-01-13</subfield>
    <subfield code="y">BK</subfield>
  </datafield>
  <datafield tag="952" ind1=" " ind2=" ">
    <subfield code="0">0</subfield>
    <subfield code="1">0</subfield>
    <subfield code="2">ddc</subfield>
    <subfield code="4">0</subfield>
    <subfield code="7">0</subfield>
    <subfield code="8">NFIC</subfield>
    <subfield code="a">ASL</subfield>
    <subfield code="b">ASL</subfield>
    <subfield code="c">GEN</subfield>
    <subfield code="d">2020-01-13</subfield>
    <subfield code="e">ASB Publications</subfield>
    <subfield code="h">ASP-127</subfield>
    <subfield code="l">0</subfield>
    <subfield code="o">327.5092 BAN</subfield>
    <subfield code="p">100710</subfield>
    <subfield code="r">2020-01-13 00:00:00</subfield>
    <subfield code="t">C-2</subfield>
    <subfield code="w">2020-01-13</subfield>
    <subfield code="y">BK</subfield>
  </datafield>
  <datafield tag="952" ind1=" " ind2=" ">
    <subfield code="0">0</subfield>
    <subfield code="1">0</subfield>
    <subfield code="2">ddc</subfield>
    <subfield code="4">0</subfield>
    <subfield code="7">0</subfield>
    <subfield code="8">NFIC</subfield>
    <subfield code="a">ASL</subfield>
    <subfield code="b">ASL</subfield>
    <subfield code="c">GEN</subfield>
    <subfield code="d">2020-01-13</subfield>
    <subfield code="e">ASB Publications</subfield>
    <subfield code="h">ASP-127</subfield>
    <subfield code="l">0</subfield>
    <subfield code="o">327.5092 BAN</subfield>
    <subfield code="p">100711</subfield>
    <subfield code="r">2020-01-13 00:00:00</subfield>
    <subfield code="t">C-3</subfield>
    <subfield code="w">2020-01-13</subfield>
    <subfield code="y">BK</subfield>
  </datafield>
  <datafield tag="952" ind1=" " ind2=" ">
    <subfield code="0">0</subfield>
    <subfield code="1">0</subfield>
    <subfield code="2">ddc</subfield>
    <subfield code="4">0</subfield>
    <subfield code="7">0</subfield>
    <subfield code="8">NFIC</subfield>
    <subfield code="a">ASL</subfield>
    <subfield code="b">ASL</subfield>
    <subfield code="c">GEN</subfield>
    <subfield code="d">2020-01-13</subfield>
    <subfield code="e">ASB Publications</subfield>
    <subfield code="h">ASP-127</subfield>
    <subfield code="l">0</subfield>
    <subfield code="o">327.5092 BAN</subfield>
    <subfield code="p">100712</subfield>
    <subfield code="r">2020-01-13 00:00:00</subfield>
    <subfield code="t">C-4</subfield>
    <subfield code="w">2020-01-13</subfield>
    <subfield code="y">BK</subfield>
  </datafield>
  <datafield tag="952" ind1=" " ind2=" ">
    <subfield code="0">0</subfield>
    <subfield code="1">0</subfield>
    <subfield code="2">ddc</subfield>
    <subfield code="4">0</subfield>
    <subfield code="7">0</subfield>
    <subfield code="8">NFIC</subfield>
    <subfield code="a">ASL</subfield>
    <subfield code="b">ASL</subfield>
    <subfield code="c">ASBP</subfield>
    <subfield code="d">2020-01-13</subfield>
    <subfield code="e">ASB Publications</subfield>
    <subfield code="h">ASP-127</subfield>
    <subfield code="l">0</subfield>
    <subfield code="o">327.5092 BAN</subfield>
    <subfield code="p">100713</subfield>
    <subfield code="r">2020-01-13 00:00:00</subfield>
    <subfield code="t">C-5</subfield>
    <subfield code="w">2020-01-13</subfield>
    <subfield code="y">BK</subfield>
  </datafield>
  <datafield tag="999" ind1=" " ind2=" ">
    <subfield code="c">17678</subfield>
    <subfield code="d">17678</subfield>
  </datafield>
  <controlfield tag="003">BDDh-ASL</controlfield>
  <controlfield tag="005">20231015025624.0</controlfield>
  <controlfield tag="008">200113b2017    bg bd||| |||| 00| 0|eng|d</controlfield>
  <datafield tag="020" ind1=" " ind2=" ">
    <subfield code="a">978-984-93191-0-8</subfield>
  </datafield>
  <datafield tag="040" ind1=" " ind2=" ">
    <subfield code="c">BDDh-ASL</subfield>
    <subfield code="d">BDDh-ASL</subfield>
  </datafield>
  <datafield tag="082" ind1=" " ind2=" ">
    <subfield code="a">327.5092</subfield>
    <subfield code="b">BAN</subfield>
  </datafield>
  <datafield tag="245" ind1="0" ind2=" ">
    <subfield code="a">Bangladesh's Neighbours in Indian Northeast: Exploring Opportunities and Mutual Interest/</subfield>
    <subfield code="c">Akmal Hussain</subfield>
  </datafield>
  <datafield tag="260" ind1=" " ind2=" ">
    <subfield code="a">Dhaka:</subfield>
    <subfield code="b">Asiatic Society of Bangladesh,</subfield>
    <subfield code="c">2017.</subfield>
  </datafield>
  <datafield tag="300" ind1=" " ind2=" ">
    <subfield code="a">xii, 212 p. :</subfield>
    <subfield code="b">maps;</subfield>
    <subfield code="c">22 cm. </subfield>
  </datafield>
  <datafield tag="440" ind1=" " ind2=" ">
    <subfield code="9">312</subfield>
    <subfield code="a">Asiatic Society of Bangladesh publication;</subfield>
    <subfield code="n">, no. 127</subfield>
  </datafield>
  <datafield tag="504" ind1=" " ind2=" ">
    <subfield code="a">Bibliography</subfield>
  </datafield>
  <datafield tag="505" ind1=" " ind2=" ">
    <subfield code="a">1. Engagement with Northeast India: A New Dimension in Bangladesh-India Relations/Akmal Hussain -- 2. External Influence, Domestic Politics, and Bangladesh Government's Northeast India Policy -- 3. Growth Zone with NEI and Beyond: Bangladesh Perspective -- 4. Age of Connectivity: Facing the Challenges of Relations between Bangladesh and India's North-eastern States --5. Tourism- A bridge of Friendship between Bangladesh and the Seven Sisters of India -- 6. Tripura: Bangladesh's gateway to India's Northeast -- 7. Ecological Integrity of the Brahmaputra Basin for Community Livelihoods in Bangladesh -- 7. Three Bengali Districts and the Making and Unmaking of Assam-Bengal Borders, 1874-1947</subfield>
  </datafield>
  <datafield tag="650" ind1=" " ind2="0">
    <subfield code="9">556</subfield>
    <subfield code="a">Bangladesh</subfield>
    <subfield code="x">History </subfield>
    <subfield code="x">Politics</subfield>
    <subfield code="x">Economy</subfield>
    <subfield code="z">India</subfield>
    <subfield code="z">Northeast India</subfield>
  </datafield>
  <datafield tag="700" ind1=" " ind2=" ">
    <subfield code="9">558</subfield>
    <subfield code="a">Hussain, Akmal</subfield>
  </datafield>
  <datafield tag="942" ind1=" " ind2=" ">
    <subfield code="2">ddc</subfield>
    <subfield code="c">BK</subfield>
  </datafield>
</record>
